MARC

LEADER 00000nam0a2200000 4500
001 339165
005 20231102005122.0
035 |a (RuTPU)RU\TPU\book\365673 
090 |a 339165 
100 |a 20171212d1966 k y0rusy50 ca 
101 1 |a rus  |c eng 
102 |a RU 
105 |a a z 001zy 
200 1 |a Промышленные печи  |d Industrial furnaces  |h Т. 1  |e пер. с англ.  |e [монография]  |f В. Тринкс, М. Г. Моугинней  |g под ред. В. Н. Григорьева 
210 |a Москва  |c Металлургия  |d 1966 
215 |a 499 с.  |c ил. 
320 |a Библиогр.: с. 486 
510 1 |a Industrial furnaces  |z eng 
606 1 |a Нагревательные печи  |x Отопление  |2 stltpush  |3 (RuTPU)RU\TPU\subj\44736  |9 64016 
610 1 |a твердые тела 
610 1 |a нагрев 
610 1 |a производительность 
610 1 |a камерные печи 
610 1 |a методические печи 
610 1 |a топливо 
610 1 |a расход 
610 1 |a методы 
610 1 |a оборудование 
610 1 |a экономия 
610 1 |a тепло 
610 1 |a прочность 
610 1 |a долговечность 
610 1 |a газы 
610 1 |a монографии 
675 |a 669.98  |v 4 
700 1 |a Тринкс  |b В. 
701 1 |a Моугинней  |b М. Г. 
702 1 |a Григорьев  |b В. Н.  |4 340 
801 1 |a RU  |b 63413507  |c 20171212 
801 2 |a RU  |b 63413507  |c 20220211  |g RCR 
942 |c BK